[Event "CZE-chT2a 0607"]
[Site "Czech Republic"]
[Date "2006.12.17"]
[Round "5.5"]
[White "Melich, Jindrich"]
[Black "Stluka, Petr"]
[Result "1/2-1/2"]
[WhiteElo "2081"]
[BlackElo "2181"]
[PlyCount "148"]
[EventDate "2006.10.15"]
[EventType "team-tourn"]
[EventRounds "11"]
[EventCountry "CZE"]
[SourceTitle "EXT 2009"]
[Source "ChessBase"]
[SourceDate "2008.11.26"]
[SourceVersion "1"]
[SourceVersionDate "2008.11.26"]
[SourceQuality "1"]
[WhiteTeam "Praha Praga II"]
[BlackTeam "Pribram Alva"]
[WhiteTeamCountry "CZE"]
[BlackTeamCountry "CZE"]

1. b4 d5 2. Bb2 Nf6 3. e3 Bg4 4. Nf3 Nbd7 5. Be2 e6 6. b5 Bd6 7. h3 Bxf3 8. Bxf3 0-0 9. a4 c5 10. c4 Ne5 11. Bxe5 Bxe5 12. Ra2 Qe7 13. 0-0 Bd6 14. Qb3 Rad8 15. d3 Bb8 16. Nd2 h5 17. Rd1 Qc7 18. Nf1 d4 19. e4 g5 20. g3 Kg7 21. Bg2 Rh8 22. a5 Qe5 23. Qc2 h4 24. g4 Nd7 25. Qe2 Nf8 26. Nd2 Qh2+ 27. Kf1 Ng6 28. Nf3 Qf4 29. Qd2 Qxd2 30. Raxd2 Bf4 31. Ra2 Ne5 32. Nxe5 Bxe5 33. a6 b6 34. Re2 Rh6 35. Bf3 Rf6 36. Kg2 Rf4 37. Rf1 Rh8 38. Ree1 Rh6 39. Bd1 Rhf6 40. f3 Rh6 41. Be2 Rff6 42. Rd1 Rfg6 43. Rb1 Bf4 44. Bd1 Kf6 45. Rb2 Ke5 46. Rc2 Rh8 47. Rg1 Rg7 48. Re2 f6 49. Rf1 Be3 50. Ree1 Rf7 51. Re2 Rhf8 52. Ree1 f5 53. Be2 Rf6 54. exf5 exf5 55. gxf5 Kf4 56. Bd1 Rxf5 57. Re2 Re5 58. Rfe1 Rfe8 59. Rf1 R8e7 60. Ree1 Rf7 61. Re2 Ref5 62. Ree1 Re5 63. Re2 Rfe7 64. Rfe1 Bd2 65. Rxe5 Rxe5 66. Rxe5 Kxe5 67. f4+ Kxf4 68. Bf3 Ke3 69. Be4 Be1 70. Bf5 Bg3 71. Be4 Kf4 72. Bc6 g4 73. Bd7 gxh3+ 74. Kxh3 Ke3 1/2-1/2

[Event "CZE-chT2a 0607"]
[Site "Czech Republic"]
[Date "2006.10.15"]
[Round "1.5"]
[White "Stluka, Petr"]
[Black "Markovic, Milan2"]
[Result "0-1"]
[WhiteElo "2181"]
[BlackElo "2211"]
[PlyCount "54"]
[EventDate "2006.10.15"]
[EventType "team-tourn"]
[EventRounds "11"]
[EventCountry "CZE"]
[SourceTitle "EXT 2009"]
[Source "ChessBase"]
[SourceDate "2008.11.26"]
[SourceVersion "1"]
[SourceVersionDate "2008.11.26"]
[SourceQuality "1"]
[WhiteTeam "Pribram Alva"]
[BlackTeam "Vrsovice II"]
[WhiteTeamCountry "CZE"]
[BlackTeamCountry "CZE"]

1. g3 Nf6 2. Bg2 g6 3. d4 d5 4. Nf3 Bg7 5. 0-0 c6 6. c4 dxc4 7. Ne5 Ng4 8. Nxg4 Bxg4 9. h3 Be6 10. e3 0-0 11. Na3 a6 12. Qc2 b5 13. Rd1 Ra7 14. Bd2 Rd7 15. b3 c5 16. Rac1 cxd4 17. bxc4 dxe3 18. Bxe3 Qa5 19. Rxd7 Nxd7 20. Qb3 Ne5 21. Bf1 Rc8 22. Bf4 Nc6 23. Rb1 Nd4 24. Qb4 Qxb4 25. Rxb4 a5 26. Rb1 b4 27. Nb5 Bxc4 0-1

[Event "CZE-chT2a 0405"]
[Site "Czech Republic"]
[Date "2005.02.20"]
[Round "8.3"]
[White "Stluka, Petr"]
[Black "Jaros, Martin"]
[Result "0-1"]
[WhiteElo "2203"]
[BlackElo "2157"]
[PlyCount "104"]
[EventDate "2004.10.17"]
[EventType "team-tourn"]
[EventRounds "11"]
[EventCountry "CZE"]
[SourceTitle "EXT 2007"]
[Source "ChessBase"]
[SourceDate "2006.11.23"]
[SourceVersion "1"]
[SourceVersionDate "2006.11.23"]
[SourceQuality "1"]
[WhiteTeam "Pribram"]
[BlackTeam "Plzen IC"]
[WhiteTeamCountry "CZE"]
[BlackTeamCountry "CZE"]

1. Nf3 Nf6 2. g3 g6 3. Bg2 Bg7 4. 0-0 0-0 5. d4 d6 6. c4 Nc6 7. d5 Na5 8. Nfd2 c6 9. a3 cxd5 10. cxd5 e6 11. Nc3 Re8 12. Re1 Bd7 13. Rb1 Rc8 14. Nce4 Nxe4 15. Nxe4 Nc4 16. b3 exd5 17. bxc4 dxe4 18. Rxb7 Rc7 19. Rxc7 Qxc7 20. Bf4 Qxc4 21. Qxd6 Bg4 22. Bf1 Bf8 23. Qf6 Bg7 24. Qd6 Qc3 25. Rc1 Qb2 26. Qc6 Rd8 27. Qa6 Bd4 28. h3 Bf5 29. Qa5 Re8 30. Rd1 Bb6 31. Qb4 Qxb4 32. axb4 e3 33. f3 Rc8 34. g4 Be6 35. Be5 Kf8 36. f4 Rc2 37. Kg2 Bc4 38. Kf3 Rd2 39. Rc1 Bb5 40. Ra1 Ke7 41. g5 Ke6 42. Rc1 Kd5 43. h4 Ba4 44. Bc7 Bd4 45. Be5 Rd1 46. Rxd1 Bxd1 47. Bh3 Bc2 48. Bxd4 Kxd4 49. Bd7 Be4+ 50. Kg3 Kc3 51. b5 Kd2 52. Bc6 Bd3 0-1

[Event "CZE-chT2a 0405"]
[Site "Czech Republic"]
[Date "2005.01.16"]
[Round "6.3"]
[White "Stluka, Petr"]
[Black "Borkovec, Milan"]
[Result "0-1"]
[WhiteElo "2203"]
[BlackElo "2239"]
[PlyCount "88"]
[EventDate "2004.10.17"]
[EventType "team-tourn"]
[EventRounds "11"]
[EventCountry "CZE"]
[SourceTitle "EXT 2007"]
[Source "ChessBase"]
[SourceDate "2006.11.23"]
[SourceVersion "1"]
[SourceVersionDate "2006.11.23"]
[SourceQuality "1"]
[WhiteTeam "Pribram"]
[BlackTeam "Tabor"]
[WhiteTeamCountry "CZE"]
[BlackTeamCountry "CZE"]

1. g3 d5 2. Nf3 e6 3. Bg2 f5 4. 0-0 Nf6 5. d4 Bd6 6. c4 c6 7. b3 Qe7 8. Bf4 Bxf4 9. gxf4 0-0 10. Nbd2 Bd7 11. Qc2 Be8 12. e3 Ne4 13. Ne5 Nd7 14. Nxe4 fxe4 15. Nxd7 Qxd7 16. f3 exf3 17. Bxf3 Kh8 18. Qg2 Rf6 19. Kh1 Bg6 20. Rg1 Rg8 21. Qg5 Bd3 22. cxd5 exd5 23. Rg3 Re8 24. Bh5 Be4+ 25. Kg1 Re7 26. Rf1 Bg6 27. Bg4 Bf5 28. h3 b6 29. Rf2 c5 30. dxc5 bxc5 31. Bxf5 Rxf5 32. Qg4 d4 33. exd4 cxd4 34. Rd3 Re1+ 35. Kg2 h5 36. Qf3 Rf6 37. Qa8+ Kh7 38. f5 Rxf5 39. Rxf5 Qxf5 40. Qf3 Qg6+ 41. Qg3 Re2+ 42. Kf1 Qxg3 43. Rxg3 Rxa2 44. Rd3 Rb2 0-1